| 000 | 00372nam a2200157Ia 4500 | ||
|---|---|---|---|
| 003 | OSt | ||
| 005 | 20231214140838.0 | ||
| 008 | 230219s9999 xx 000 0 und d | ||
| 020 | _a9780143426745 | ||
| 082 |
_a600 _bSHAV |
||
| 100 | _aShah, Amrita | ||
| 245 | 0 | _aVikram Sarabhai: A Life | |
| 260 |
_aDelhi _bPenguin Books Limited _c2016 |
||
| 300 | _a248 | ||
| 942 |
_cBK _2ddc |
||
| 999 |
_c1051 _d1051 |
||